A szegedi műegyetem
Elmentve itt :
| Szerző: | |
|---|---|
| Dokumentumtípus: | Cikk |
| Megjelent: |
1911-11-05
|
| Sorozat: | Délmagyarország
2 No. 254 |
| Kulcsszavak: | Zichy János, Felsőoktatás Szeged 1911 |
| Online Access: | http://dmarchiv.bibl.u-szeged.hu/58896 |
| LEADER | 00461nab a2200157 i 4500 | ||
|---|---|---|---|
| 001 | delm58896 | ||
| 005 | 20180927144652.0 | ||
| 008 | 180927s1911 hu o 0|| hun d | ||
| 040 | |a SZTE Délmagyarország Archívum |b hun | ||
| 041 | |a hun | ||
| 100 | 1 | |a Tordai Imre | |
| 245 | 1 | 2 | |a A szegedi műegyetem |h [elektronikus dokumentum] / |c Tordai Imre |
| 260 | |c 1911-11-05 | ||
| 300 | |a 1-2 | ||
| 490 | 0 | |a Délmagyarország |v 2 No. 254 | |
| 695 | |a Zichy János, Felsőoktatás Szeged 1911 | ||